Văn hóa Hoa Lộc: Kết quả nghiên cứu 2 địa điểm khảo cổ học ở Hoa Lộc và Phú Lộc huyện Hậu Lộc - Thanh Hóa

সংরক্ষণ করুন:
গ্রন্থ-পঞ্জীর বিবরন
প্রধান লেখক: Phạm Văn Kỉnh
বিন্যাস: গ্রন্থ
ভাষা:Undetermined
প্রকাশিত: Hà nội Viện Bảo tàng Lịch sử 1977
বিষয়গুলি:
ট্যাগগুলো: ট্যাগ যুক্ত করুন
কোনো ট্যাগ নেই, প্রথমজন হিসাবে ট্যাগ করুন!
Thư viện lưu trữ: Trung tâm Học liệu Trường Đại học Cần Thơ
LEADER 00659nam a2200169Ia 4500
001 CTU_10645
008 210402s9999 xx 000 0 und d
082 |a 930.15 
082 |b K312 
100 |a Phạm Văn Kỉnh 
245 0 |a Văn hóa Hoa Lộc: Kết quả nghiên cứu 2 địa điểm khảo cổ học ở Hoa Lộc và Phú Lộc huyện Hậu Lộc - Thanh Hóa 
245 0 |c Phạm Văn Kỉnh, Quang Văn Cậy 
260 |a Hà nội 
260 |b Viện Bảo tàng Lịch sử 
260 |c 1977 
650 |a archaeology - vietnam,stone age 
980 |a Trung tâm Học liệu Trường Đại học Cần Thơ